[Event "Bayern ch 2008"]
[Site "Bad Neustadt /Saale"]
[Date "2008.09.01"]
[Round "3.16"]
[White "Barth, Norbert"]
[Black "Sandner, Michael"]
[Result "1-0"]
[WhiteElo "2284"]
[BlackElo "2044"]
[PlyCount "127"]
[EventDate "2008.??.??"]
[WhiteTeam "SK Schwandorf"]
[BlackTeam "SG Traunstein/Traunreut e.V."]

1. e4 e6 2. d4 d5 3. Nd2 Nf6 4. e5 Nfd7 5. Bd3 c5 6. c3 Nc6 7. Ne2 cxd4 8. cxd4
f6 9. exf6 Nxf6 10. Nf3 Bd6 11. O-O O-O 12. Bf4 Bxf4 13. Nxf4 Ne4 14. Qc1 Ng5
15. Nxg5 Qxg5 16. Ne2 Qf6 17. Qc5 Bd7 18. Bb5 Rac8 19. Bxc6 Rxc6 20. Qb4 Rc2
21. Rae1 a6 22. Qb3 Qf5 23. Ng3 Qg6 24. f3 Bb5 25. Rf2 Rfc8 26. Rxc2 Qxc2 27.
Qe3 Rc6 28. Qe5 g6 29. h4 Qd2 30. Kh2 Qh6 31. Qf6 Qf8 32. Qg5 Bd3 33. Re5 Kh8
34. Re3 Bb1 35. Ne2 h6 36. Qe5+ Qg7 37. Nc3 Qxe5+ 38. Rxe5 Bd3 39. Kg3 Kg7 40.
Kf4 Kf6 41. Ke3 Bf1 42. Kf2 Bd3 43. Re1 b5 44. Rc1 Rc4 45. Ke3 Bf5 46. b3 Rc8
47. Ne4+ dxe4 48. Rxc8 exf3 49. Kxf3 Bb1 50. a3 Ba2 51. Rc3 a5 52. g4 a4 53.
bxa4 bxa4 54. Kg3 Bd5 55. Rc7 h5 56. gxh5 gxh5 57. Kf4 Bb3 58. Rc5 Bd1 59. Ra5
Kg6 60. Ke5 Bb3 61. Ra6 Kf7 62. Ra7+ Kg6 63. Re7 Bd5 64. Rxe6+ 1-0

[Event "Bayern ch 2008"]
[Site "Bad Neustadt /Saale"]
[Date "2008.09.01"]
[Round "3.17"]
[White "Holzer, Richard"]
[Black "Däubler, Heinrich"]
[Result "1-0"]
[WhiteElo "2296"]
[BlackElo "2171"]
[PlyCount "41"]
[EventDate "2008.??.??"]
[WhiteTeam "SK Passau 1869"]
[BlackTeam "Schachclub Haselmühl"]

1. e4 e5 2. Nf3 Nc6 3. Bc4 Nf6 4. d4 exd4 5. Ng5 d5 6. exd5 Qe7+ $11 7. Be2
Nxd5 8. O-O h6 9. Nf3 Qf6 10. Re1 Bc5 11. Nbd2 Bf5 12. Ba6+ Kd7 13. Bxb7 Rae8
14. Rxe8 Rxe8 15. Nb3 Bb6 16. c4 Ndb4 17. Be3 Bc2 18. Bxc6+ Kxc6 19. Nfxd4+ Kb7
20. Nxc2 Nxc2 21. Qxc2 1-0

[Event "Bayern ch 2008"]
[Site "Bad Neustadt /Saale"]
[Date "2008.09.01"]
[Round "4.1"]
[White "Zehnter, Sebastian"]
[Black "Jorczik, Julian"]
[Result "0-1"]
[WhiteElo "2180"]
[BlackElo "2359"]
[PlyCount "78"]
[EventDate "2008.??.??"]
[WhiteTeam "SV Würzburg von 1865 e.V."]
[BlackTeam "FC Bayern München e.V."]

1. b3 d6 2. Bb2 e5 3. e3 g6 4. d4 Nd7 5. dxe5 dxe5 6. Nf3 Bg7 7. Bc4 Nh6 8. e4
O-O 9. Nc3 c6 10. a4 Re8 11. Qd2 Qf6 12. h3 Nc5 13. Qe3 Ne6 14. Ne2 Nf4 15. Kf1
g5 16. Nxf4 gxf4 17. Qe2 Kh8 18. g4 Ng8 19. Rg1 Qg6 20. g5 Qh5 21. Ke1 Bxh3 22.
g6 f6 23. Rh1 Nh6 24. Nxe5 Rxe5 25. Bxe5 $11 Qxe5 26. Rd1 Bg2 27. Rxh6 Bxh6 28.
f3 Qc3+ 29. Kf2 Bh3 30. Rh1 Qd4+ 31. Ke1 Qa1+ 32. Qd1 Qc3+ 33. Qd2 Qa1+ 34. Qd1
Qc3+ 35. Qd2 Qxf3 36. Qh2 Rd8 37. Be2 Qc3+ 38. Kf2 Qe3+ 39. Ke1 f3 0-1

[Event "Bayern ch 2008"]
[Site "Bad Neustadt /Saale"]
[Date "2008.09.01"]
[Round "4.2"]
[White "Jussupow, Nadia"]
[Black "Köpke, Christian"]
[Result "1/2-1/2"]
[WhiteElo "2166"]
[BlackElo "2330"]
[PlyCount "63"]
[EventDate "2008.??.??"]
[WhiteTeam "SK Krumbach"]
[BlackTeam "SC Tarrasch 45 München"]

1. d4 Nf6 2. Nf3 g6 3. c4 Bg7 4. Nc3 d5 5. e3 O-O 6. Qb3 e6 7. Bd2 b6 8. cxd5
exd5 9. Be2 Bb7 10. O-O Qe7 11. Ne5 c6 12. Rac1 Nfd7 13. Nd3 Na6 14. Bf3 Rfe8
15. a3 Nc7 16. Rfe1 Ne6 17. g3 h5 18. Ne2 Ng5 19. Bg2 Ne4 20. Bb4 Qf6 21. Nef4
a5 22. Bh3 Red8 23. Bxd7 Rxd7 24. Ne5 Rdd8 25. f3 Ng5 26. Bc5 bxc5 27. Qxb7
Rdb8 28. Qd7 Rxb2 29. h4 Qxe5 30. dxe5 Nxf3+ 31. Kf1 Nh2+ 32. Kg1 1/2-1/2

[Event "Bayern ch 2008"]
[Site "Bad Neustadt /Saale"]
[Date "2008.09.01"]
[Round "4.3"]
[White "Sternheimer, Erhard"]
[Black "Meister, Peter"]
[Result "1-0"]
[WhiteElo "2185"]
[BlackElo "2390"]
[PlyCount "75"]
[EventDate "2008.??.??"]
[WhiteTeam "SC Bad Königshofen 1957"]
[BlackTeam "FC Bayern München e.V."]

1. Nf3 c5 2. g3 Nc6 3. Bg2 g6 4. O-O Bg7 5. c4 e5 6. Nc3 Nge7 7. d3 O-O 8. a3
a5 9. Ne1 d6 10. e4 h6 11. f4 f5 12. Nc2 fxe4 13. dxe4 exf4 14. gxf4 Nd4 15.
Nxd4 Bxd4+ 16. Kh1 Be6 17. Qd3 Nc6 18. Nd5 h5 19. Rb1 Rf7 20. Qg3 Rg7 21. Bh3
Qe8 22. Bg2 Rb8 23. b3 Kh8 24. Bd2 b5 25. cxb5 Rxb5 26. Qd3 Rb8 27. b4 axb4 28.
axb4 Rgb7 29. bxc5 dxc5 30. Rxb7 Rxb7 31. Bc3 Rb3 32. Qc2 Bxd5 33. Bxd4+ cxd4
34. exd5 Na5 35. Qc5 Qa4 36. Qf8+ Kh7 37. f5 g5 38. f6 1-0

[Event "Bayern ch 2008"]
[Site "Bad Neustadt /Saale"]
[Date "2008.09.01"]
[Round "4.4"]
[White "de Francesco, Klaus"]
[Black "Safyanowsky, Mark"]
[Result "1/2-1/2"]
[WhiteElo "2362"]
[BlackElo "2284"]
[PlyCount "22"]
[EventDate "2008.??.??"]
[WhiteTeam "SK Weilheim"]
[BlackTeam "SC Dillingen"]

1. d4 Nf6 2. c4 e6 3. g3 d5 4. Bg2 dxc4 5. Nf3 Nc6 6. O-O Rb8 7. a4 b6 8. Qc2
Nb4 9. Qxc4 Ba6 10. Qb3 Bxe2 11. Re1 Bxf3 1/2-1/2

[Event "Bayern ch 2008"]
[Site "Bad Neustadt /Saale"]
[Date "2008.09.01"]
[Round "4.5"]
[White "Röder, Gerd"]
[Black "Golda, Harald"]
[Result "1/2-1/2"]
[WhiteElo "2277"]
[BlackElo "2336"]
[PlyCount "69"]
[EventDate "2008.??.??"]
[WhiteTeam "SV Altensittenbach"]
[BlackTeam "Schachklub Schweinfurt 2000 e.V."]

1. e4 c6 2. Nc3 d5 3. Qf3 dxe4 4. Nxe4 Nd7 5. d4 Ngf6 6. Bc4 e6 7. c3 Nxe4 8.
Qxe4 Nf6 9. Qe2 Be7 10. Bg5 Nd5 11. Bxe7 Qxe7 12. Nf3 O-O 13. Bxd5 cxd5 14. O-O
Bd7 15. Rfe1 Qd6 16. Ne5 Be8 17. Rad1 f6 18. Nd3 Bf7 19. h4 Rae8 20. h5 Re7 21.
f4 Rfe8 22. Qg4 h6 23. Re3 Kh8 24. Rde1 Bg8 25. Qh4 Bh7 26. Nf2 Bf5 27. Qh2 Qb6
28. R1e2 Qc7 29. g4 Bh7 30. f5 Qd8 31. Rxe6 Rxe6 32. Rxe6 Rxe6 33. fxe6 Bg8 34.
Qf4 Bxe6 35. Kg2 1/2-1/2

[Event "Bayern ch 2008"]
[Site "Bad Neustadt /Saale"]
[Date "2008.09.01"]
[Round "4.6"]
[White "Lochte, Thomas"]
[Black "Schramm, Christian"]
[Result "0-1"]
[WhiteElo "2176"]
[BlackElo "2318"]
[PlyCount "76"]
[EventDate "2008.??.??"]
[WhiteTeam "SK Weilheim"]
[BlackTeam "SC 1959 Obernau"]

1. e4 g6 2. d4 Bg7 3. Nc3 d6 4. Be2 a6 5. a4 b6 $146 6. Be3 Nd7 7. f4 Bb7 8.
Bf3 e6 9. Nge2 Ne7 10. O-O d5 11. Ng3 f5 12. e5 c5 13. Nce2 Qc7 14. c3 Nc6 15.
Nh1 Rc8 16. g4 O-O 17. Nhg3 cxd4 18. Nxd4 Nc5 19. gxf5 gxf5 20. Rc1 $11 Qd7 21.
a5 Nxa5 22. b4 Nc4 23. Bf2 Ne4 24. Nxe4 dxe4 25. Nxf5 Qxd1 26. Ne7+ Kf7 27.
Bxd1 Kxe7 28. Bh5 Kd7 29. Rcd1+ Kc7 30. Bg4 Rce8 31. Rd4 Bd5 32. Be2 b5 33. Ra1
Kb7 34. Bxc4 bxc4 35. b5 Ra8 36. bxa6+ Rxa6 37. Rb1+ Kc6 38. Be3 Bh6 0-1

[Event "Bayern ch 2008"]
[Site "Bad Neustadt /Saale"]
[Date "2008.09.01"]
[Round "4.7"]
[White "Rother, Christoph"]
[Black "Liepold, Stefan"]
[Result "1/2-1/2"]
[WhiteElo "2291"]
[BlackElo "2283"]
[PlyCount "57"]
[EventDate "2008.??.??"]
[WhiteTeam "SV Fortuna Regensburg"]
[BlackTeam "SC Erlangen"]

1. d4 Nf6 2. Nc3 d5 3. Bg5 Nbd7 4. Nf3 e6 5. e3 c5 6. Bd3 Qb6 7. Bxf6 Nxf6 8.
Bb5+ Bd7 9. Bxd7+ Nxd7 10. Rb1 Be7 11. O-O O-O 12. Ne2 Qa6 13. dxc5 Nxc5 14. a3
Rac8 15. Nf4 Rfd8 16. Qe2 Qxe2 17. Nxe2 Ne4 18. c3 f6 19. Rfd1 Kf7 20. Kf1 e5
21. Ne1 Ke6 22. Nd3 h5 23. Ng3 Nxg3+ 24. hxg3 a5 25. Ke2 g6 26. Rbc1 Rc6 27.
Rd2 Rc4 $11 28. Rcd1 h4 29. gxh4 $11 1/2-1/2

[Event "Bayern ch 2008"]
[Site "Bad Neustadt /Saale"]
[Date "2008.09.01"]
[Round "4.8"]
[White "Otte, Marco"]
[Black "Schindler, Viktor"]
[Result "0-1"]
[WhiteElo "2250"]
[BlackElo "2111"]
[PlyCount "44"]
[EventDate "2008.??.??"]
[WhiteTeam "SC Tarrasch 45 München"]
[BlackTeam "PTSV SK Hof 1892"]

1. e4 c5 2. Nf3 Nc6 3. d4 cxd4 4. Nxd4 Nf6 5. f3 e5 6. Nb5 d6 7. Be3 a6 8. N5c3
Be7 9. Be2 O-O 10. O-O b5 11. a4 b4 12. Nd5 Nxd5 13. exd5 Nd4 14. Bxd4 exd4 15.
Qxd4 a5 16. c4 Bf6 17. Qd2 Re8 18. Rd1 Qb6+ 19. Kf1 Ra7 20. Bd3 Bh4 21. b3 Rae7
22. g4 Re2 0-1

[Event "Bayern ch 2008"]
[Site "Bad Neustadt /Saale"]
[Date "2008.09.01"]
[Round "4.9"]
[White "Reich, Thomas"]
[Black "Grimberg, Boris"]
[Result "1/2-1/2"]
[WhiteElo "2425"]
[BlackElo "2293"]
[PlyCount "62"]
[EventDate "2008.??.??"]
[WhiteTeam "FC Bayern München e.V."]
[BlackTeam "SAbt TSV Haunstetten"]

1. d4 d5 2. Nf3 Nf6 3. c4 c6 4. Nbd2 g6 5. e3 Bg7 6. Bd3 O-O 7. O-O Nbd7 8.
cxd5 Nxd5 9. Nc4 Qc7 10. Bd2 Rd8 11. Qc2 a5 12. a4 b6 13. Qb3 Ba6 14. Rfc1 e6
15. e4 Ne7 16. g3 e5 17. Bg5 Re8 18. Nfxe5 Nxe5 19. Nxe5 Bxe5 20. dxe5 Bxd3 21.
Qxd3 Qxe5 22. Be3 Rad8 23. Qc2 c5 24. Bf4 Qe6 25. Bg5 $11 f6 26. Be3 Nc6 27.
Rd1 Nb4 28. Qc3 Kf7 29. f3 Na2 30. Qc2 Nb4 31. Qc3 Na2 1/2-1/2

[Event "Bayern ch 2008"]
[Site "Bad Neustadt /Saale"]
[Date "2008.09.01"]
[Round "4.10"]
[White "Kirch, Daniel"]
[Black "Deglmann, Ludwig"]
[Result "0-1"]
[WhiteElo "2042"]
[BlackElo "2336"]
[PlyCount "42"]
[EventDate "2008.??.??"]
[WhiteTeam "FSV Großenseebach"]
[BlackTeam "FC Bayern München e.V."]

1. d4 f5 2. g3 Nf6 3. Bg2 g6 4. Nf3 Bg7 5. O-O O-O 6. c4 d6 7. Nc3 Qe8 8. d5 a5
9. Nd4 Na6 10. a3 Bd7 11. b3 h6 12. Qc2 Rb8 13. Bb2 c5 14. Ne6 Bxe6 15. dxe6
Nc7 16. e4 Nxe6 17. exf5 Nd4 18. Qd1 gxf5 19. Ne2 e5 20. f4 Ng4 21. Bd5+ Kh8
0-1

[Event "Bayern ch 2008"]
[Site "Bad Neustadt /Saale"]
[Date "2008.09.01"]
[Round "4.11"]
[White "Seuffert, Gabriel"]
[Black "Klimpel, Thomas"]
[Result "1-0"]
[WhiteElo "2322"]
[BlackElo "2154"]
[PlyCount "37"]
[EventDate "2008.??.??"]
[WhiteTeam "SV Würzburg von 1865 e.V."]
[BlackTeam "TSV Kareth-Lappersdorf"]

1. Nf3 d5 2. c4 e6 3. g3 Nf6 4. Bg2 Nbd7 5. O-O c6 6. d4 dxc4 7. Qc2 b5 8. b3
Bb7 9. bxc4 c5 10. cxb5 Rc8 11. Qb2 cxd4 12. Nxd4 Bxg2 13. Kxg2 Ne5 14. Nd2
Qd5+ 15. N4f3 Ned7 16. a4 e5 17. Qa2 Qb7 18. Kg1 Bb4 19. Ba3 1-0

[Event "Bayern ch 2008"]
[Site "Bad Neustadt /Saale"]
[Date "2008.09.01"]
[Round "4.12"]
[White "Barth, Norbert"]
[Black "Wild, Rudolf"]
[Result "1/2-1/2"]
[WhiteElo "2284"]
[BlackElo "2267"]
[PlyCount "108"]
[EventDate "2008.??.??"]
[WhiteTeam "SK Schwandorf"]
[BlackTeam "SK Krumbach"]

1. e4 c5 2. Nf3 Nc6 3. d4 cxd4 4. Nxd4 Nf6 5. Nc3 e5 6. Ndb5 d6 7. Bg5 a6 8.
Na3 b5 9. Nd5 Be7 10. Nxe7 Nxe7 11. Bd3 Bb7 12. Qf3 Nd7 13. c4 b4 14. Nc2 a5
15. Qd1 Nc5 16. f3 O-O 17. O-O f6 18. Bh4 Qc7 19. Ne3 Bc8 20. Re1 Be6 21. Bf1
Rfd8 22. Re2 Bf7 23. Rd2 Rac8 24. Bf2 Qb8 25. Rc1 Kf8 26. g3 Be6 27. Bg2 Bf7
28. Bh3 Be6 29. Bf1 Bf7 30. Nd5 Qb7 31. Bh3 Ne6 32. Nb6 Rc6 33. Nd5 Nc7 34. Be3
Ne6 35. Bf1 Nc5 36. Qe1 Be6 37. Rcd1 Rcc8 38. Qf2 Nxd5 39. cxd5 Bd7 40. Rc1 Na4
41. Rxc8 Rxc8 42. Rc2 Rxc2 43. Qxc2 Qc8 44. Qxc8+ Bxc8 45. Bb5 Nc5 46. g4 Ke7
47. Kf2 g6 48. Ke2 Kd8 49. Bd2 g5 50. Be3 Kc7 51. Kd2 Nd7 52. Be2 Nc5 53. Kc2
Kb6 54. Bc4 Bd7 1/2-1/2

[Event "Bayern ch 2008"]
[Site "Bad Neustadt /Saale"]
[Date "2008.09.01"]
[Round "4.13"]
[White "Lentrodt, Thomas"]
[Black "Urytskyy, Michael"]
[Result "1-0"]
[WhiteElo "2306"]
[BlackElo "2084"]
[PlyCount "89"]
[EventDate "2008.??.??"]
[WhiteTeam "FC Bayern München e.V."]
[BlackTeam "PTSV SK Hof 1892"]

1. e4 c5 2. Nf3 d6 3. Nc3 Nf6 4. e5 dxe5 5. Nxe5 Nbd7 6. Nc4 g6 7. d4 cxd4 8.
Qxd4 Bg7 9. Be2 O-O 10. O-O Rb8 11. Qxa7 Qc7 12. h3 Qc5 13. Be3 Qxa7 14. Bxa7
Ra8 15. Bd4 b6 16. a4 Ba6 17. Rfe1 Rab8 18. Ne5 Bxe2 19. Rxe2 Nxe5 20. Bxe5
Rbd8 21. Bc7 Rd4 22. Rxe7 Rb4 23. Ra2 Rc8 24. Be5 Rd8 25. b3 Ne8 26. Bxg7 Nxg7
27. Re4 Rxe4 28. Nxe4 Rd1+ 29. Kh2 f5 30. Ng5 h6 31. Nf3 Rf1 32. c4 Rb1 33. Nd2
Rd1 34. b4 Ne6 35. Nf3 Rb1 36. a5 Rxb4 37. a6 Nc7 38. a7 Rxc4 39. a8=Q+ Nxa8
40. Rxa8+ Kg7 41. Rb8 Rb4 42. Ne5 Rb2 43. f4 g5 44. Rb7+ Kf6 45. Rxb6+ 1-0

[Event "Bayern ch 2008"]
[Site "Bad Neustadt /Saale"]
[Date "2008.09.01"]
[Round "4.14"]
[White "Holzer, Richard"]
[Black "Poetsch, Klaus"]
[Result "0-1"]
[WhiteElo "2296"]
[BlackElo "2245"]
[PlyCount "118"]
[EventDate "2008.??.??"]
[WhiteTeam "SK Passau 1869"]
[BlackTeam "SC Waldkraiburg"]

1. e4 e6 2. d4 d5 3. Nc3 Bb4 4. Nge2 dxe4 5. a3 Be7 6. Nxe4 Bd7 7. Be3 Bc6 8.
N2c3 Nf6 9. Nxf6+ Bxf6 10. Qd2 Nd7 11. O-O-O O-O 12. f3 Rb8 13. Bc4 b5 14. d5
Nb6 15. Bb3 exd5 16. Nxd5 Bxd5 17. Bxd5 Na4 18. c3 c5 19. Bb3 Qa5 20. Bxa4 bxa4
21. Bg5 Bxg5 22. Qxg5 Rb3 23. Rd3 h6 24. Qd2 Rfb8 25. c4 Qb6 26. Rxb3 Qxb3 27.
Qe2 Qa2 28. Qc2 Rd8 29. Re1 g6 30. Qb1 Qxc4+ 31. Qc2 Qa2 32. Qb1 Qc4+ 33. Qc2
Qf4+ 34. Kb1 Qxh2 35. Re4 Qg1+ 36. Ka2 Qd1 37. Qxd1 Rxd1 38. Rxa4 Rd7 39. Rc4
Rd5 40. Ra4 Rd7 41. Rc4 h5 42. Rxc5 Rd2 43. Rc7 Rxg2 44. Rxa7 h4 45. Rd7 h3 46.
Rd1 h2 47. Rh1 Kf8 48. Kb3 Ke7 49. Kc3 g5 50. b4 Kd6 51. Kc4 Kc7 52. Kb5 f5 53.
a4 g4 54. fxg4 fxg4 55. a5 g3 56. Rc1+ Kb8 57. Re1 Rg1 58. Re8+ Kc7 59. Re7+
Kd6 0-1

[Event "Bayern ch 2008"]
[Site "Bad Neustadt /Saale"]
[Date "2008.09.01"]
[Round "4.16"]
[White "Kaunzinger, Albert"]
[Black "Palmi, Herbert"]
[Result "0-1"]
[WhiteElo "2226"]
[BlackElo "2163"]
[PlyCount "124"]
[EventDate "2008.??.??"]
[WhiteTeam "SC Gröbenzell"]
[BlackTeam "SC Bayerwald/Regen"]

1. d4 Nf6 2. Bf4 e6 3. e3 c5 4. c3 d5 5. Nd2 a6 6. Bd3 Nc6 7. Ngf3 Be7 8. h3 b5
9. a3 Nh5 10. Bh2 Bb7 11. O-O f5 12. dxc5 Bxc5 13. Nd4 Bxd4 14. exd4 Nf6 15.
Re1 Kf7 16. Nb3 Re8 17. Qe2 Bc8 18. f3 Ra7 19. Nc5 Qb6 20. b4 g6 21. a4 bxa4
22. Rxa4 a5 23. b5 Nd8 24. Qf2 Nb7 25. Be5 Rf8 26. Rea1 Kg8 27. Qg3 Ne8 28. Kh1
Nbd6 29. h4 Nf7 30. Bf4 Nf6 31. Qe1 Re8 32. Nb3 Nh5 33. Bh2 f4 34. Rxa5 Rae7
35. Ra8 e5 36. Na5 exd4 37. Qxe7 Rxe7 38. Rxc8+ Kg7 39. Nc6 Re3 40. Bg1 Rxd3
41. Bxd4+ Rxd4 42. cxd4 Qxb5 43. Rc7 Kf6 44. Raa7 Nd6 45. Ne5 Ng3+ 46. Kh2 Qf1
47. Ng4+ Kf5 48. Nh6+ Kf6 49. Kh3 Nh5 50. Ng4+ Kf5 51. Re7 Qh1+ 52. Nh2 Nc4 53.
Rf7+ Ke6 54. Rfe7+ Kd6 55. Rxh7 Kc6 56. Rhc7+ Kb5 57. Rab7+ Nb6 58. Re7 Ng3 59.
Re6 Nf1 60. Rexb6+ Kc4 61. Rb4+ Kd3 62. Kg4 Qxg2+ 0-1

[Event "Bayern ch 2008"]
[Site "Bad Neustadt /Saale"]
[Date "2008.09.01"]
[Round "4.17"]
[White "Sandner, Michael"]
[Black "Kliche, Alexander"]
[Result "0-1"]
[WhiteElo "2044"]
[BlackElo "2211"]
[PlyCount "66"]
[EventDate "2008.??.??"]
[WhiteTeam "SG Traunstein/Traunreut e.V."]
[BlackTeam "SC Kitzingen von 1905"]

1. e4 e5 2. Nf3 Nc6 3. Bc4 Bc5 4. c3 Nf6 5. d4 exd4 6. cxd4 Bb4+ 7. Bd2 Bxd2+
8. Nbxd2 d5 9. exd5 Nxd5 10. Qb3 Nce7 11. O-O O-O 12. Rfe1 c6 13. Rac1 Nb6 14.
Bd3 Ned5 15. Qc2 h6 16. a3 Nf4 17. Bf1 Be6 18. Qe4 Qf6 19. g3 Ng6 20. Bd3 Rfe8
21. Bb1 Rad8 22. Qd3 Bd5 23. Ne5 Nxe5 24. dxe5 Rxe5 25. Rxe5 Qxe5 26. Nf3 Qxb2
27. Qh7+ Kf8 28. Re1 Be6 29. Bf5 $11 Qf6 30. Bxe6 fxe6 31. Ne5 Nd7 32. Ng6+ Kf7
33. Re4 Qxg6 0-1

[Event "Bayern ch 2008"]
[Site "Bad Neustadt /Saale"]
[Date "2008.09.01"]
[Round "4.18"]
[White "Däubler, Heinrich"]
[Black "Kirch, Florian"]
[Result "0-1"]
[WhiteElo "2171"]
[BlackElo "2024"]
[PlyCount "54"]
[EventDate "2008.??.??"]
[WhiteTeam "Schachclub Haselmühl"]
[BlackTeam "FSV Großenseebach"]

1. d4 Nf6 2. c4 e6 3. Nf3 b6 4. g3 Ba6 5. b3 b5 6. Bg2 bxc4 7. Ne5 Bb4+ 8. Bd2
cxb3 9. Bxb4 b2 10. Nc3 bxa1=Q 11. Qxa1 d5 12. O-O Nfd7 13. f4 Nxe5 14. fxe5
Nc6 15. Bc5 Ne7 16. Qc1 Ng6 17. Qa3 Bb7 18. e4 Qd7 19. h4 h5 20. Kh2 Ne7 21.
Bxe7 Qxe7 22. Qa4+ c6 23. exd5 exd5 24. Bxd5 O-O 25. Bf3 c5 26. Qa3 Bxf3 27.
Rxf3 Qb7 0-1

[Event "Bayern ch 2008"]
[Site "Bad Neustadt /Saale"]
[Date "2008.09.02"]
[Round "5.1"]
[White "Jorczik, Julian"]
[Black "Sternheimer, Erhard"]
[Result "0-1"]
[WhiteElo "2359"]
[BlackElo "2185"]
[PlyCount "82"]
[EventDate "2008.??.??"]
[WhiteTeam "FC Bayern München e.V."]
[BlackTeam "SC Bad Königshofen 1957"]

1. d4 Nf6 2. c4 e5 3. dxe5 Ng4 4. Bf4 Nc6 5. Nf3 Bb4+ 6. Nc3 Qe7 7. Qd5 f6 8.
exf6 Nxf6 9. Qd3 O-O 10. g3 d6 11. Bg2 Bxc3+ 12. Qxc3 Ne4 13. Qc1 Nc5 14. Be3
Bg4 15. O-O Kh8 16. Qc3 Ne4 17. Qb3 Rab8 18. Rfe1 b6 19. Rad1 Rbe8 20. Nd4 Nxd4
21. Rxd4 Bf5 22. Rdd1 Qe6 23. Bd4 Qg6 24. Qa3 a5 25. f3 Ng5 26. e4 Bc8 27. Rf1
Ba6 28. Qc3 d5 29. exd5 Re2 30. Rde1 Rc2 31. Qa3 Qf5 32. g4 Qf4 33. Be3 Nxf3+
34. Rxf3 Rxg2+ 35. Kxg2 Qxf3+ 36. Kg1 Qxg4+ 37. Kh1 Qf3+ 38. Kg1 Bxc4 39. Bxb6
Qxa3 40. bxa3 cxb6 41. d6 Rd8 0-1

[Event "Bayern ch 2008"]
[Site "Bad Neustadt /Saale"]
[Date "2008.09.02"]
[Round "5.2"]
[White "Köpke, Christian"]
[Black "Zehnter, Sebastian"]
[Result "1/2-1/2"]
[WhiteElo "2330"]
[BlackElo "2180"]
[PlyCount "115"]
[EventDate "2008.??.??"]
[WhiteTeam "SC Tarrasch 45 München"]
[BlackTeam "SV Würzburg von 1865 e.V."]

1. e4 d5 2. exd5 Nf6 3. Bb5+ Nbd7 4. Nf3 a6 5. Be2 Nxd5 6. d4 g6 7. O-O Bg7 8.
c4 N5f6 9. Nc3 O-O 10. h3 Re8 11. Be3 e5 12. dxe5 Nxe5 13. Nxe5 Qxd1 14. Raxd1
Rxe5 15. Bf4 Re8 16. Bxc7 Bf5 17. Rd2 Bh6 18. f4 Rac8 19. Bd6 Ne4 20. Nxe4 Bxe4
21. b3 Rcd8 22. Rfd1 g5 23. g3 Re6 24. Kf2 gxf4 25. Bxf4 Rxd2 26. Rxd2 Bxf4 27.
gxf4 Rh6 28. Bf1 Rh4 29. Kg3 Rh6 30. Bg2 Rg6+ 31. Kh2 f5 32. Bxe4 fxe4 33. Re2
Kf7 34. Rxe4 Kf6 35. Re5 Rg7 36. Rg5 Re7 37. Rg2 Kf5 38. Rf2 Rg7 39. Rf1 h6 40.
Rf2 Rg8 41. Rd2 Rg7 42. Rd6 h5 43. Rd5+ Kxf4 44. Rxh5 Re7 $11 45. Rh6 Re2+ 46.
Kg1 Rxa2 47. Rb6 Kf3 48. h4 Kg3 49. Kf1 Kxh4 50. Rxb7 Kg4 51. Ke1 Kf4 52. Re7
Rb2 53. Kd1 a5 54. Kc1 Rxb3 55. Kc2 a4 56. Ra7 Ke4 57. Rxa4 Rh3 58. Ra7 1/2-1/2

[Event "Bayern ch 2008"]
[Site "Bad Neustadt /Saale"]
[Date "2008.09.02"]
[Round "5.3"]
[White "Schindler, Viktor"]
[Black "Jussupow, Nadia"]
[Result "1-0"]
[WhiteElo "2111"]
[BlackElo "2166"]
[PlyCount "65"]
[EventDate "2008.??.??"]
[WhiteTeam "PTSV SK Hof 1892"]
[BlackTeam "SK Krumbach"]

1. e4 e5 2. Bc4 Nc6 3. Nf3 Bc5 4. c3 Qf6 5. O-O d6 6. d3 Bg4 7. b4 Bxf3 8. gxf3
Nxb4 9. d4 Bb6 10. Qa4+ Nc6 11. d5 Qxf3 12. Nd2 Qg4+ 13. Kh1 Nge7 14. dxc6 bxc6
15. Bb3 O-O 16. Bd1 Qh3 17. Qb3 Ng6 18. c4 Qe6 19. Nf3 Rab8 20. Rb1 Qh3 21. Be2
Nf4 22. Bxf4 exf4 23. c5 dxc5 24. Bc4 Ba5 25. Qd3 Rbd8 26. Qe2 h6 27. Rg1 Bc3
28. Rb3 Bf6 29. e5 Be7 30. Qe4 Qd7 31. Qg6 Bg5 32. Nxg5 hxg5 33. Qxg5 1-0

[Event "Bayern ch 2008"]
[Site "Bad Neustadt /Saale"]
[Date "2008.09.02"]
[Round "5.4"]
[White "Schramm, Christian"]
[Black "Seuffert, Gabriel"]
[Result "0-1"]
[WhiteElo "2318"]
[BlackElo "2322"]
[PlyCount "68"]
[EventDate "2008.??.??"]
[WhiteTeam "SC 1959 Obernau"]
[BlackTeam "SV Würzburg von 1865 e.V."]

1. e4 c5 2. Nf3 e6 3. d4 cxd4 4. Nxd4 Nc6 5. Nc3 Qc7 6. Be2 a6 7. O-O Nf6 8.
Kh1 Bb4 9. Qd3 Nxd4 10. Qxd4 Bc5 11. Qd3 b5 12. Bf3 Ra7 13. Bg5 h6 14. Bh4 Bd6
15. Rad1 Be5 16. Rfe1 O-O 17. Bg3 Bb7 18. a3 Bc6 19. Qe3 Rb7 20. Qc5 Bxg3 21.
hxg3 Nh7 22. e5 Bxf3 23. Qxc7 Bxg2+ 24. Kxg2 Rxc7 25. Rd6 Ra8 26. Red1 Nf8 27.
Rb6 Ng6 28. f4 Ne7 29. Rbd6 Raa7 30. R1d2 Nc8 31. R6d3 Nb6 32. Nd1 Nc4 33. Re2
Rc6 34. Re4 Nxb2 0-1

[Event "Bayern ch 2008"]
[Site "Bad Neustadt /Saale"]
[Date "2008.09.02"]
[Round "5.5"]
[White "Liepold, Stefan"]
[Black "de Francesco, Klaus"]
[Result "0-1"]
[WhiteElo "2283"]
[BlackElo "2362"]
[PlyCount "92"]
[EventDate "2008.??.??"]
[WhiteTeam "SC Erlangen"]
[BlackTeam "SK Weilheim"]

1. e4 e6 2. d4 d5 3. e5 c5 4. c3 Bd7 5. Nf3 a6 6. Be3 cxd4 7. cxd4 Bb5 8. Bxb5+
axb5 9. O-O b4 10. Nbd2 Ne7 11. h3 Nec6 12. Ne1 Nd7 13. Nd3 Be7 14. Qg4 g6 15.
Bh6 Bf8 16. Bxf8 h5 17. Qf4 Kxf8 18. Nf3 Kg7 19. Rfc1 Qe7 20. h4 Ra4 21. b3 Ra3
22. Ng5 Rha8 23. g4 hxg4 24. Kg2 Rxa2 25. Rxa2 Rxa2 26. h5 gxh5 27. Rh1 Kg6 28.
Qc1 Qxg5 29. Nf4+ Kh6 30. Rxh5+ Qxh5 31. Nxh5+ Kxh5 32. Qh1+ Kg5 33. Qc1+ Kh5
34. Qb1 Ra3 35. Qh7+ Kg5 36. Qg7+ Kf5 37. Qxf7+ Ke4 38. Qxd7 Nxd4 39. Qh7+ Nf5
40. Qxb7 Rxb3 41. Qc7 g3 42. Qc2+ Rd3 43. Qe2+ Kd4 44. Qb2+ Kc4 45. Qc2+ Rc3
46. Qe2+ Kb3 0-1

[Event "Bayern ch 2008"]
[Site "Bad Neustadt /Saale"]
[Date "2008.09.02"]
[Round "5.6"]
[White "Deglmann, Ludwig"]
[Black "Röder, Gerd"]
[Result "1-0"]
[WhiteElo "2336"]
[BlackElo "2277"]
[PlyCount "105"]
[EventDate "2008.??.??"]
[WhiteTeam "FC Bayern München e.V."]
[BlackTeam "SV Altensittenbach"]

1. e4 e5 2. Nf3 Nf6 3. Nc3 Nc6 4. g3 Bc5 5. Bg2 d6 6. d3 O-O 7. O-O a6 8. h3
Be6 9. Kh2 h6 10. a3 Nh7 11. Nh4 Nd4 12. Nd5 g5 13. c3 Nc6 14. Nf5 Bxf5 15.
exf5 Nf6 16. h4 Nxd5 17. Bxd5 Qf6 18. Qg4 Ne7 19. Be4 Qh8 20. Bxg5 h5 21. Qf3
f6 22. Bxb7 Rab8 23. Bd5+ Kg7 24. Bc1 Nxd5 25. Qxd5 Qg8 26. Qf3 Qf7 27. b4 Bb6
28. Bd2 Rh8 29. c4 Bd4 30. Rae1 Qd7 31. Be3 Bb2 32. Rg1 Rbg8 33. g4 hxg4 34.
Rxg4+ Kf8 35. Reg1 Rxg4 36. Rxg4 c6 37. b5 axb5 38. cxb5 d5 39. bxc6 Qxc6 40.
Rb4 e4 41. dxe4 Rxh4+ 42. Kg3 dxe4 43. Qd1 Qc7+ 44. Kxh4 Qh2+ 45. Kg4 Qg2+ 46.
Kh5 Qh3+ 47. Kg6 Qg2+ 48. Kh6 Qh2+ 49. Qh5 Qc7 50. Rb8+ Qxb8 51. Bc5+ Kg8 52.
Qg6+ Kh8 53. Qg7# 1-0